[Event "Candidates sf"]
[Site "Elista"]
[Date "2007.05.29"]
[Round "1.3"]
[White "Grischuk, Alexander"]
[Black "Malakhov, Vladimir"]
[Result "1/2-1/2"]
[WhiteElo "2717"]
[BlackElo "2679"]
[Annotator "Marin,M"]
[PlyCount "70"]
[EventDate "2007.05.27"]
[EventType "k.o."]
[EventRounds "12"]
[EventCountry "RUS"]
[SourceTitle "CBM 119"]
[Source "ChessBase"]
[SourceDate "2007.08.01"]
[SourceVersion "1"]
[SourceVersionDate "2007.08.01"]
[SourceQuality "1"]

1. e4 e5 2. Nf3 Nc6 3. Bb5 Nf6 4. O-O Nxe4 5. d4 Be7 {A double surprize.
Malakhov not only refrains from his favourite Sicilian (which had led him to
defeat in the first game of the match) but also deviates from the highly
fashionable Berlin Defence.} 6. Qe2 Nd6 7. Bxc6 bxc6 8. dxe5 Nb7 {This is the
starting point of the so-called Brazilian Variation, a really ancient setup.
About one century ago, it was famously submitted to intense theoretical and
practical discussion on the occasion of the match Lasker-Tarrasch. With his
characteristic dogmatism, Tarrasch could not agree that moving around with the
same knight would be a viable plan. However, the variation suited Lasker's
style perfectly well: Black tempts White to launch a premature attack in order
to take advantage of the weakneses left behind. We can already notice such a
relative weakness: the e5-pawn has left the f5- and d5-squares insufficiently
well defended, while Black enjoys the prospect of installing one of his minor
pieces on the stable e6-square. For the sake of truth, it should be said that
the general score in this opening was in Tarrasch' favour (+1). In modern
times, the variation has never been too popular, although some strong players
occasionally employed it in the 70s. In 1981, Korchnoi made an attempt to
rehabilitate it on the occasion of his Wch match against Karpov. His position
after the opening was acceptable, but he eventually lost, which (possibly
prematurely) put an end to the whole story.} 9. Nd4 ({Karpov preferred} 9. Nc3
O-O 10. Rd1 {which is the main alternative to Grischuk's optically more
aggressive choice.}) 9... O-O 10. Nc3 Bc5 11. Rd1 {Generally speaking, the
other rook belongs here, but for concrete reasons this move should be
preferred here.} ({The more natural} 11. Be3 {will imply weakening the own
position with a further f4.} Qe8 (11... Re8 12. f4 d6 {is also good.}) 12. f4
d5 13. Rae1 Bb6 14. Nb3 f6 {Marco & Schlechter-Charousek & allies/Vienna 1897 
(1-0/0-1, 45/61)}) 11... Re8 12. Bf4 (12. Nxc6 $2 Qh4 $1 13. g3 Qh3 14. Nd4 d6
$36) 12... Bxd4 13. Rxd4 d5 {An important position. Optically, White has the
more active position. However, Black only needs a couple of tempi in order to
organize his apparently uncoordinated army. The bishop should go to f5 and the
knight to e6, eventually followed by central expansion. White should divide
his attention between two possible plans. The kingside attack should not be
too dangerous in itself, but it could distract part of Black's forces. This
should (hopefully) allow White to block the central pawns on their actual
squares (preferably, with Nc5). We can see that the position is quite complex.}
14. b4 {White immediately declares his intention to block the enemy pawns, but
now he will face the permanent danger of ...a5.} (14. Bg3 Nc5 (14... Nd6 15.
exd6 $5 Rxe2 16. dxc7 Qe7 17. Nxe2 $44 Qxe2 18. Rb4 a5 19. Rb8 Qa6 20. Re1 $36)
15. Qh5 (15. b4 Ne6 16. Rh4 {Klovans,J-Yudovich,M/Moscow 1966/MCD (1-0, 43)} a5
$1 $132) 15... Ne6 (15... Qd7 16. Re1 Qf5 {1/2-1/2 Huebner,R (2600)-Portisch,L
(2630)/Tilburg 1988/CBM 009}) 16. Rh4 $6 (16. Rd2 $10) 16... h6 17. f4 Nd4 18.
Bf2 Nf5 (18... Nxc2 $2 19. Rd1 $44) 19. Rh3 g6 20. Qe2 h5 21. Bc5 $2 (21. Qd2)
21... Ng7 22. Rg3 h4 23. Rd3 (23. Re3 Ne6 24. Na4 Nxf4 $17) 23... Ba6 24. Qg4
Bxd3 25. cxd3 Nf5 26. Re1 a5 27. b3 Rb8 $15 {1/2-1/2 Gheorghiu,F-Filip,M/
Moscow 1967/MCL/[Dolmatov]}) (14. Qh5 {According to Dr. Tarrasch' views, this
move cannot be too dangerous: White moves with the queen for the second time
along the same diagonal before having completed his development. However, in
practice this line has been seen quite frequently.} Qd7 {[%cal Yd7f5] This
slightly unnatural move is almost authomatically played.} ({However,} 14... Nc5
$5 {[%cal Yc5e6] deserves serious attention.} 15. Bg5 Rxe5 16. f4 Rf5 17. g4
Qe8 $132) 15. Rd2 (15. b4 Nd8 16. Rd2 Ne6 17. Be3 a5 18. Qh4 Qd8 19. Qg4 f5 $1
20. Qxf5 $2 axb4 21. Ne2 c5 $17 {Markovic,M (2575)-Piket,J (2605)/Elista 1998/
CBM 066 ext (0-1, 39)}) 15... Qf5 (15... Nd8 $5 {[%cal Rd8e6]} 16. Ne4 Qe7 $1 {
[%csl Gc5]}) 16. Qxf5 Bxf5 17. Ne2 Nc5 18. f3 (18. Nd4 Ne6 19. Be3 Nxd4 20.
Bxd4 $14) 18... Ne6 19. Bg3 a5 20. Rc1 Reb8 21. c3 a4 22. Bf2 h5 23. h3 Ra5 24.
g4 hxg4 25. hxg4 Bh7 26. Nd4 Nxd4 27. cxd4 Rab5 $132 {Benjamin,J (2545)-Sharif,
M/Cannes 1989/TD (1/2-1/2, 38)}) 14... a6 ({Now that the b4-square has been
occupied by a pawn,} 14... Nd6 {does not allow the queen sacrifice anymore.
However, Malakhov's move is better from the point of view of long term
planning. He stabilizes the queenside situation (by preventing b5) and
prepares the transfer of the knight to e6.}) 15. Qd2 $146 (15. Qh5 Qd7 16. Rad1
Qf5 17. Qxf5 Bxf5 18. R4d2 Nd8 19. Ne2 Ne6 20. Be3 a5 21. a3 axb4 22. axb4 Ra2
23. c3 Rxd2 24. Rxd2 {1/2-1/2 Smrcka,F-Yudovich,M/corr 1969/Corr 2000}) 15...
Qe7 16. Bg3 Nd8 17. Rh4 ({It could seem more logical to complete the
development first with} 17. Re1 {[%csl Ge5]} Ne6 ({White's aproach would be
entirely justified after the careless} 17... Bf5 $6 18. Bh4 $1 Qd7 19. Bxd8
Raxd8 20. Na4 $16) 18. Rh4 a5 (18... Nf8) 19. b5 (19. a3 axb4 20. axb4 Ba6 21.
f4 f5 $1 $132) 19... d4 (19... cxb5 20. Nxd5 $40) 20. Ne2 cxb5 21. Nxd4 Nxd4
22. Rxd4 Be6 $11) 17... Bf5 18. Ne2 Ne6 {Black has completed his regroupment
and has a nice position. With his bishop rather passively placed on g3, White
will not be able to maintain the control of the c5-square.} 19. Nd4 Nxd4 20.
Rxd4 a5 21. c3 Be6 22. Bh4 Qf8 23. Rc1 c5 24. bxc5 Qxc5 $11 {/=/+. Black's
position is easier to play already.} 25. h3 Rab8 26. a4 Rb3 27. Bg5 Reb8 28. c4
dxc4 29. Rd8+ Rxd8 30. Qxd8+ Qf8 31. Rd1 Rb8 32. Qxc7 h6 33. Qxb8 Qxb8 34. Rd8+
Qxd8 35. Bxd8 Bd7 1/2-1/2

[Event "Candidates final"]
[Site "Elista"]
[Date "2007.05.06"]
[Round "2.1"]
[White "Grischuk, Alexander"]
[Black "Rublevsky, Sergei"]
[Result "1-0"]
[WhiteElo "2717"]
[BlackElo "2680"]
[Annotator "Marin,M"]
[PlyCount "67"]
[EventDate "2007.06.06"]
[EventType "k.o."]
[EventRounds "6"]
[EventCountry "RUS"]
[SourceTitle "CBM 119"]
[Source "ChessBase"]
[SourceDate "2007.08.01"]
[SourceVersion "1"]
[SourceVersionDate "2007.08.01"]
[SourceQuality "1"]

1. e4 {Ftacnik} c5 2. Nf3 e6 3. d4 cxd4 4. Nxd4 Nc6 5. Nc3 a6 6. Be2 ({
Grischuk wisely refrains from what is considered to be the main line against
this move order:} 6. Nxc6 bxc6 7. Bd3 d5 {and which eventually yielded
Rublevsky his only win in the semifinal match against Ponomariov. In that game,
Black's strong centre ensured him against a direct kingisde attack and offered
him the better chances in the endgame.}) 6... d6 7. O-O Nf6 8. Be3 Bd7 {
This is also one big specialty of Rublevsky. He usually refrains from
developing his queen to c7 and prefers activating his queenside pieces as soon
as possible.} 9. a4 Be7 10. f4 Nxd4 {The Sicilian does not make part of my
repertoire with either colour for over a decade, but I still remember one
thing that IM Mircea Pavlov, my first trainer ever, taught me when I was 10:
Black should not exchange knights if White can re-capture with the queen (or,
in certain lines of the Sozin Attack, with the rook) without loss of time,
because this would allow White obtain an advantage in development. More
concretely, it is generally recommendable to wait until White moves with his
queen before playing ...Nxd4. Of course, there are no rules without exceptions
and Rublevsky is entitled to have his own opinion about his main opening
variation, but I believe that the further course of the game sustains the
point of view that Black's last move was premature.} 11. Qxd4 Bc6 12. b4 $1 {
About one century of practice has taught players of all levels that in the
Sicilian White attacks on the kingside, while Black has to look for
counterchances on the opposite wing. However, even before the Sicilian became
a regular guest in the high level tournaments, it was discovered that the
player with an advantage in development should maintain his initiative by any
means. Since this rule has a more general character, it should prevail over
the specific Sicilian patterns. Let us examine the merits and drawbacks of
White's last move. The first thing that comes up to mind in this type of
positions is that the resolute advance of the b-pawn weakens the c4- and
c3-squares. However, with his incomplete development, Black will not be able
to take advantage of this detail in the near future. At the same time, the
fact that his bishop will be forced back on a passive position, disturbing the
coordination of rooks, will be a more significant factor. Anticipating a bit,
this pawn will be the main hero of this game, untill its very end.} O-O 13. b5
Be8 {Ftacnik: 'The whole variation is a well thought out provocation by Black.
Rublevsky is comfortable in the defence and has already in the past tested out
these dubious waters.'} 14. e5 Qc7 {Abstractly, this is a nice move. Black
ignores the threat (or rather parries it indirectly) by developing a piece.
However, Black's coordination is rather poor and playing in such an ambitious
way will just turn against himself, like a boomerang.} (14... dxe5 {Ftacnik}
15. fxe5 Qxd4 16. Bxd4 Nd5 17. Nxd5 exd5 18. bxa6 bxa6 19. Rfb1 $14) 15. b6 {
The pawn advances again, leaving the c6-square at Black's mercy, but
increasing the lack of harmony from Black's camp.} Qc6 16. Bf3 {Ftacnik:
'Grischuk was well prepared and the new move could represent a serious
challenge for the defender.'} ({A strong novelty. Rublevsky had previously
managed to defend his position after} 16. exd6 {against Svidler and Jakovenko.}
) 16... d5 {Rublevsky might have been happy to transpose to a French type of
structure, just like in his game against Ponomariov. However, there are some
significant differences. Here, the d5-pawn is much more vulnerable, while
Black's coordination is rather poor.} 17. Rae1 {White completes his
development and over-defends his bishop, which in certain cases makes the
threat exf6 real, as we shall see.} (17. f5 {Ftacnik} Rc8 18. Ne2 Ne4 $15)
17... Nd7 ({Black prac tically admits the failure of his previous play. The
consequent move (in the same way as ...Qc7) would have been} 17... Rd8 {
but this would have led to disastruous consequences after} 18. f5 {for instance
} exf5 ({Or} 18... Nd7 19. fxe6 fxe6 {and now, after the weakening of the
a2-g8 diagonal the sacrifice} 20. Nxd5 $1 {is lethal.}) 19. exf6 Bxf6 20. Nxd5
$1 {and now we can see why it is important to have the e3-bishop defended:}
Bxd4 21. Ne7+ Kh8 22. Nxc6 {and White has a won ending.}) 18. Nxd5 $1 {The
only way to open the position and put all White's pieces to work.} exd5 19.
Bxd5 Qc5 $6 {Ftacnik: 'Should anybody dare to repeat the variation with Black,
he should be looking into the most promising continuation 19...Qc8!? '} (19...
Bc5 {Ftacnik} 20. Bxc6 Bxd4 21. Bxd4 bxc6 22. Rb1 $16) (19... Qc8 $5 {Ftacnik}
20. f5 (20. e6 Nf6 $17) 20... Bc5 21. Qe4 $13) (19... Qxc2 {Ftacnik} 20. Rc1
Qf5 21. Bxb7 Rb8 22. Be4 $16) 20. e6 $1 {White does not avoid the exchange of
queens, because this would somehow lower the rhytm of his attack. See also the
comment after Black's 23rd move in Leko-Bareev.} Qxd4 21. Bxd4 Nf6 22. Bb3 $1 (
{White retreat s with the bishop to a defended square in order to threaten to
win material. The immediate} 22. Bxf6 $2 gxf6 23. exf7+ {would fail to} Bxf7 {
when the bishop would be hanging, making Rxe7 impossible.}) 22... Rd8 23. Bxf6
Bc5+ ({A curious decision, in the style of David Bronstein, who frequently
allowed his pawns to be doubled for the mere sake of piece activity. After the
more natural} 23... Bxf6 24. e7 Bxe7 25. Rxe7 Bc6 26. Rfe1 Rd2 27. R1e2 {
Black would have a better structure than in the game, but he would have
potential back rank problems, whereas White would not. In the game, the
situation will be reversed.}) 24. Kh1 gxf6 25. e7 Bxe7 26. Rxe7 Bc6 {Finally,
Black can make use of this square. However, the bishop is not stable here as
we shall see.} 27. Rc7 ({Putting the bishop under immediate pressure has two
purposes. First of all, the threat ...Rd2xg2 is removed because of the
possibility of Rxc6. The long term idea will be carried out in the game.
Playing in similar way as in the previous comment with} 27. Rfe1 Rd2 28. R7e2 {
would allow Black certain counterplay after} Rfd8) 27... Rd2 28. Re1 $1 {
It will soon appear that the attack against the f7-square will be more
efficient than Black's action against g2.} Rf2 (28... Bxg2+ 29. Kg1 {would
leave Black with the same problems as in the game.}) 29. h3 Rxf4 30. Ree7 Rf1+
31. Kh2 Rf2 {Apparently, Black has managed to create serious threats...} 32.
Rxc6 $1 {White not only stops Black's attack, but also creates an unstoppable
passed pawn.} bxc6 33. Rxf7 $1 {We can see here a drawback of Rublevsly's
decision to play with double pawns: the f2-rook is cut off itsown kingside and
cannot defend the f7-pawn. General exchanegs on f7 will be followed by b7,
whereas the attempt to return with the rook into play along the e- or d-file
would lose it to a discovered check. Rublevsky still tried} Rf4 {and resigned
after} 34. c3 1-0